Men's Figure Skating Champions - Statistics

General Stats
  • This quiz has been taken 343 times
  • The average score is 5 of 19
Answer Stats
Years Country Figure Skater % Correct
2014, 2018 Japan Yuzuru Hanyu
83%
2006 Russia Evgeni Plushenko
66%
1988 United States Brain Boitano
40%
2010 United States Evan Lysacek
40%
1948, 1952 United States Dick Button
39%
1984 United States Scott Hamilton
37%
1908 Sweden Ulrich Salchow
33%
1992 Ukraine Viktor Petrenko
27%
1980 Great Britain Robin Cousins
26%
1994, 2002 Russia Alexei Urmanov
25%
1998 Russia Ilia Kulik
23%
1976 Great Britain John Curry
20%
1972 Czechoslovakia Ondrej Nepela
16%
1960 United States David Jenkins
15%
1956 United States Hayes Alan Jenkins
15%
1920, 1924, 1928 Sweden Gillis Grafström
13%
1964 Germany Manfred Shnelldorfer
11%
1932, 1936 Austria Karl Schäfer
10%
1968 Austria Wolfgang Schwarz
10%
No matching quizzes found
Score Distribution
Percent of People with Each Score
Percentile by Number Answered
Your Score History
You have not taken this quiz